| 000 | 00526nmm a2200157Ia 4500 | ||
|---|---|---|---|
| 008 | 251105s9999||||xx |||||||||||||||||und|| | ||
| 020 | _a9789562600576 | ||
| 041 | _aspa | ||
| 100 | _aRichard, Nelly | ||
| 245 | 0 | _aLa insubordinación de los signos : (cambio político, transformaciones culturales y poéticas de la crisis) | |
| 264 |
_a[Santiago de Chile, Chile] : _bCuarto Propio, _c1994 |
||
| 300 | _a126 páginas | ||
| 650 | _aCultural Studies | ||
| 856 | _uhttps://public.digitaliapublishing.com/a/38323 | ||
| 942 | _cCF | ||
| 999 |
_c94206 _d94206 |
||